000 00311nam a2200133Ia 4500
005 20251222141945.0
008 251222s9999||||xx |||||||||||||| ||spa||
020 _a85-7003-014-2
082 _a869.964/N14
100 _aNadaf, Yasmin Jamil
245 0 _aDiálogo da escrita:
264 _bLidador
942 _cLIB
999 _c9481
_d9481